Real analysis : with an introduction to wavelet theory
Αποθηκεύτηκε σε:
| Κύριος συγγραφέας: | |
|---|---|
| Μορφή: | Βιβλίο |
| Γλώσσα: | English |
| Δημοσίευση: |
Providence, Rhode Island :
American Mathematical Society,
c1998
|
| Σειρά: | Translations of mathematical monographs ;
; 177 |
| Θέματα: | |
| Ετικέτες: |
Προσθήκη ετικέτας
Δεν υπάρχουν, Καταχωρήστε ετικέτα πρώτοι!
|
MARC
| LEADER | 00000nam a2200000 i 4500 | ||
|---|---|---|---|
| 001 | 1/73606 | ||
| 008 | 050316s1998 eng d | ||
| 020 | |a 0-8218-0864-8 (pbk.) | ||
| 035 | |l 10077139 | ||
| 040 | |a GR-MY-UA |b gre |e aacr | ||
| 041 | 0 | |a eng | |
| 082 | 0 | |a 515 |2 (21) | |
| 100 | 1 | |a Igari, S. |q (Satoru) |d 1936- | |
| 245 | 1 | 0 | |a Real analysis : |b with an introduction to wavelet theory / |c Satoru Igari |
| 260 | |a Providence, Rhode Island : |b American Mathematical Society, |c c1998 | ||
| 300 | |a xiii, 256 σ.; |c 26 εκ. | ||
| 490 | 1 | |a Translations of mathematical monographs |v ; 177 | |
| 504 | |a Περιλαμβάνει βιβλιογραφία και ευρετήριο | ||
| 650 | 0 | 0 | |a Mathematical analysis. |
| 830 | 0 | |a Translations of mathematical monographs ; |v ; 177 | |
| 852 | |a INST |b CHIOS |e 20050316 |h 515 IGA |p 005200021951 |q 005200021951 |t BK |y 0 | ||
| 901 | |a BIBL2-2005-1 | ||
| 909 | |a Χ |b 112951 | ||
| 920 | |a ΔΙΕΥΡΥΝΣΗ |b ΕΠΕΑΕΚ-ΤΜΟΔ |y ΧΙΟΣ |z 2004-12 | ||
| 970 | |a ΣΑΛΑΜΟΥΡΑ |b ΜΑΡΙΑ |z 2005/03/16 | ||